| 000 | 00544nam a22001697a 4500 | ||
|---|---|---|---|
| 999 |
_c8735 _d8735 |
||
| 008 | 201211b ||||| |||| 00| 0 eng d | ||
| 040 | _aBMS College of Architecture | ||
| 100 | _aShetty, T Pratham | ||
| 245 | _aAlternative learning school and after school activity centre | ||
| 300 | _aNA | ||
| 500 | _a1BM11AT045 | ||
| 502 |
_8B,Arch _NBMS College of Architecture, Visvesvaraya Technological University (VTU) _aProject report _d2015 |
||
| 650 | _aNA | ||
| 700 |
_aChaitra Saraf _eGuide |
||
| 700 |
_aSharanya Iyer _eGuide |
||
| 942 |
_2ddc _cTHE |
||